Statistiques concernant Géographie par image - O

Cliquez ici pour prendre le quiz!

Statistiques générales

  • Ce quiz a été pris 8 288 fois
  • Le résultat moyen est 9 sur 18

Statistiques - réponses

Réponse% Correct
Oasis
89%
Occitanie
84%
Oslo
82%
Ohio
72%
Oman
66%
Oxford
65%
Osaka
64%
Orlando
61%
Olympie
52%
Ontario
46%
OPEP
46%
Orléans
39%
Odessa
31%
Ob
22%
Orcades
13%
Oaxaca
10%
Oahu
9%
Pont de l'{Øresund}
7%

Distribution des résultats

Percentile par nombre de réponses

% des personnes avec chaque résultat

Votre développement - résultats

Vous n’avez pas pris ce quiz